[Event "Team Championship Russia (Rapid, Men)"]
[Site "Sochi"]
[Date "2018.10.08"]
[Round "4.28"]
[White "Uzhva, Andrey"]
[Black "Pogromsky, Mikhail"]
[Result "0-1"]
[BlackElo "2462"]
[WhiteElo "2216"]
[LiveChessVersion "1.4.8"]

1. Nf3 {[%clk 0:15:19]} Nf6 {[%clk 0:15:16]} 2. g3 {[%clk 0:15:26]} b6
{[%clk 0:15:20]} 3. Bg2 {[%clk 0:15:33]} Bb7 {[%clk 0:15:29]} 4. c4
{[%clk 0:15:40]} g6 {[%clk 0:15:32]} 5. b3 {[%clk 0:15:41]} Bg7 {[%clk 0:15:38]}
6. Bb2 {[%clk 0:15:50]} O-O {[%clk 0:15:45]} 7. O-O {[%clk 0:15:59]} c5
{[%clk 0:15:49]} 8. d3 {[%clk 0:15:49]} d5 {[%clk 0:15:27]} 9. Nbd2
{[%clk 0:14:43]} d4 {[%clk 0:13:46]} 10. b4 {[%clk 0:13:55]} Nfd7
{[%clk 0:12:14]} 11. Nb3 {[%clk 0:13:13]} e5 {[%clk 0:11:47]} 12. bxc5
{[%clk 0:13:15]} bxc5 {[%clk 0:11:53]} 13. Ba3 {[%clk 0:09:36]} Qc7
{[%clk 0:10:11]} 14. Rb1 {[%clk 0:09:42]} Na6 {[%clk 0:10:06]} 15. Qd2
{[%clk 0:08:17]} Rab8 {[%clk 0:10:11]} 16. Rb2 {[%clk 0:07:46]} e4
{[%clk 0:09:36]} 17. Ng5 {[%clk 0:04:12]} e3 {[%clk 0:08:14]} 18. fxe3
{[%clk 0:04:21]} Bh6 {[%clk 0:06:36]} 19. exd4 {[%clk 0:03:14]} Bxg2
{[%clk 0:06:23]} 20. Kxg2 {[%clk 0:03:17]} f6 {[%clk 0:06:31]} 21. Qe3
{[%clk 0:01:54]} Rfe8 {[%clk 0:03:58]} 22. Qf3 {[%clk 0:01:54]} Bxg5
{[%clk 0:03:57]} 23. dxc5 {[%clk 0:01:20]} Naxc5 {[%clk 0:02:46]} 24. Qd5+
{[%clk 0:00:55]} Kg7 {[%clk 0:01:07]} 25. Nxc5 {[%clk 0:00:59]} Rxb2
{[%clk 0:01:02]} 26. Ne6+ {[%clk 0:00:29]} Rxe6 27. Qxe6 Nc5 {[%clk 0:00:48]} 28.
Qe8 {[%clk 0:00:16]} Rb8 {[%clk 0:00:41]} 29. Qxb8 {[%clk 0:00:12]} Qxb8
{[%clk 0:00:49]} 30. Bxc5 {[%clk 0:00:21]} Qe5 {[%clk 0:00:43]} 31. Bxa7
{[%clk 0:00:16]} Qxe2+ {[%clk 0:00:52]} 32. Kg1 Qxd3 {[%clk 0:00:50]} 33. Bf2
{[%clk 0:00:15]} Qxc4 {[%clk 0:00:56]} 34. a3 {[%clk 0:00:24]} Qc3
{[%clk 0:00:56]} 35. a4 {[%clk 0:00:32]} Qa3 {[%clk 0:00:59]} 36. Kg2
{[%clk 0:00:34]} Qxa4 {[%clk 0:01:08]} 37. Re1 {[%clk 0:00:42]} Qc6+
{[%clk 0:01:13]} 38. Kg1 {[%clk 0:00:52]} Kf7 {[%clk 0:01:08]} 39. Re2
{[%clk 0:00:57]} Qf3 {[%clk 0:01:14]} 40. Re1 {[%clk 0:01:06]} Bd2
{[%clk 0:01:19]} 41. Rf1 {[%clk 0:01:03]} Be3 {[%clk 0:01:23]} 42. Bxe3
{[%clk 0:01:10]} Qxe3+ {[%clk 0:01:32]} 43. Kg2 {[%clk 0:01:19]} f5
{[%clk 0:01:37]} 44. Rf2 {[%clk 0:01:25]} Kf6 {[%clk 0:01:43]} 45. h3
{[%clk 0:01:32]} Ke5 {[%clk 0:01:51]} 46. Rf1 {[%clk 0:01:39]} Ke4
{[%clk 0:01:56]} 47. Rf2 {[%clk 0:01:45]} g5 {[%clk 0:01:59]} 48. Rf1
{[%clk 0:01:52]} h5 {[%clk 0:02:07]} 0-1

[Event "Team Championship Russia (Rapid, Men)"]
[Site "Sochi"]
[Date "2018.10.08"]
[Round "4.34"]
[White "Babayan, Arman S."]
[Black "Linker, Mikhail"]
[Result "0-1"]
[BlackElo "2319"]
[WhiteElo "1833"]
[LiveChessVersion "1.4.8"]

1. c4 {[%clk 0:15:18]} Nf6 {[%clk 0:15:17]} 2. Nc3 {[%clk 0:15:27]} c5
{[%clk 0:15:18]} 3. Nf3 {[%clk 0:15:36]} e6 {[%clk 0:15:17]} 4. e3
{[%clk 0:15:45]} Be7 {[%clk 0:14:57]} 5. Be2 {[%clk 0:15:53]} O-O
{[%clk 0:15:05]} 6. O-O {[%clk 0:16:01]} b6 {[%clk 0:15:01]} 7. b3
{[%clk 0:16:09]} Bb7 {[%clk 0:15:09]} 8. Bb2 {[%clk 0:16:17]} d5 {[%clk 0:15:15]}
9. d4 {[%clk 0:16:23]} cxd4 {[%clk 0:15:13]} 10. exd4 {[%clk 0:16:30]} Nbd7
{[%clk 0:15:16]} 11. Rc1 {[%clk 0:16:36]} Rc8 {[%clk 0:15:15]} 12. cxd5
{[%clk 0:15:42]} Nxd5 {[%clk 0:15:22]} 13. Qd2 {[%clk 0:14:28]} N7f6
{[%clk 0:15:26]} 14. Nxd5 {[%clk 0:13:36]} Qxd5 {[%clk 0:15:06]} 15. Rxc8
{[%clk 0:13:10]} Rxc8 {[%clk 0:15:14]} 16. Rc1 {[%clk 0:13:14]} Rd8
{[%clk 0:14:40]} 17. Rc7 {[%clk 0:11:34]} Rd7 {[%clk 0:12:47]} 18. Qc2
{[%clk 0:10:36]} Bd6 {[%clk 0:12:36]} 19. Rxd7 {[%clk 0:09:00]} Nxd7
{[%clk 0:12:34]} 20. Bf1 {[%clk 0:05:44]} h6 {[%clk 0:12:29]} 21. Ne5
{[%clk 0:03:20]} Nxe5 {[%clk 0:12:21]} 22. dxe5 {[%clk 0:03:29]} Bxe5
{[%clk 0:12:25]} 23. Bxe5 {[%clk 0:03:36]} Qxe5 {[%clk 0:12:34]} 24. Qd3
{[%clk 0:03:17]} Qd5 {[%clk 0:12:40]} 25. Qg3 {[%clk 0:03:11]} e5
{[%clk 0:11:40]} 26. h3 {[%clk 0:03:19]} b5 {[%clk 0:11:35]} 27. Qe3
{[%clk 0:02:57]} a6 {[%clk 0:11:43]} 28. a4 {[%clk 0:02:36]} Kh7 {[%clk 0:11:10]}
29. axb5 {[%clk 0:02:28]} axb5 {[%clk 0:11:18]} 30. Qd3+ {[%clk 0:02:28]} e4
{[%clk 0:10:27]} 31. Qxb5 {[%clk 0:02:36]} Qxb5 {[%clk 0:09:52]} 32. Bxb5
{[%clk 0:02:45]} Kg6 {[%clk 0:09:52]} 33. g3 {[%clk 0:02:38]} Kf5
{[%clk 0:09:55]} 34. Kf1 {[%clk 0:02:15]} Ke5 {[%clk 0:09:57]} 35. Ke2
{[%clk 0:02:19]} Kd4 {[%clk 0:10:03]} 36. Bc4 {[%clk 0:02:19]} f6
{[%clk 0:10:11]} 37. Kd2 {[%clk 0:02:08]} Bc8 {[%clk 0:09:04]} 38. h4
{[%clk 0:02:16]} g5 {[%clk 0:09:05]} 39. Bf7 {[%clk 0:01:55]} Ba6
{[%clk 0:09:09]} 40. Bg8 {[%clk 0:01:22]} Bf1 {[%clk 0:07:58]} 41. Be6
{[%clk 0:01:15]} Bb5 {[%clk 0:07:24]} 42. Bg8 {[%clk 0:01:06]} Bd7
{[%clk 0:07:10]} 43. Bf7 {[%clk 0:01:10]} f5 {[%clk 0:06:49]} 44. hxg5 hxg5
{[%clk 0:06:58]} 45. Bg8 {[%clk 0:01:05]} Bb5 {[%clk 0:06:53]} 46. Bh7
{[%clk 0:00:47]} f4 {[%clk 0:07:01]} 47. gxf4 {[%clk 0:00:50]} gxf4
{[%clk 0:07:10]} 48. Bg8 {[%clk 0:00:42]} Bd3 {[%clk 0:07:18]} 49. Bf7
{[%clk 0:00:44]} Bb1 {[%clk 0:07:22]} 50. Bg8 {[%clk 0:00:44]} Bd3
{[%clk 0:06:27]} 51. Bf7 {[%clk 0:00:53]} Ba6 {[%clk 0:06:24]} 52. Bg8
{[%clk 0:01:01]} Ke5 {[%clk 0:06:31]} 53. Bf7 {[%clk 0:00:52]} Kf6
{[%clk 0:06:38]} 54. Bg8 {[%clk 0:00:55]} Kg5 {[%clk 0:06:32]} 55. Bh7
{[%clk 0:00:52]} Bb7 {[%clk 0:05:58]} 56. Bg8 {[%clk 0:00:49]} Kg4
{[%clk 0:06:01]} 57. Bf7 {[%clk 0:00:23]} Kf3 {[%clk 0:06:07]} 58. Ke1
{[%clk 0:00:31]} Kg2 {[%clk 0:06:11]} 59. Ke2 {[%clk 0:00:28]} Kg1
{[%clk 0:05:27]} 60. Be6 {[%clk 0:00:24]} Ba6+ {[%clk 0:04:45]} 61. Ke1
{[%clk 0:00:32]} e3 {[%clk 0:04:48]} 62. f3 {[%clk 0:00:14]} Bb7 {[%clk 0:04:53]}
63. Bg4 {[%clk 0:00:22]} Kg2 {[%clk 0:04:37]} 64. Ke2 {[%clk 0:00:31]} Ba6+
{[%clk 0:04:46]} 65. Ke1 {[%clk 0:00:35]} Bb5 {[%clk 0:04:52]} 66. Bh5
{[%clk 0:00:28]} Kg3 {[%clk 0:04:51]} 67. Bg4 {[%clk 0:00:32]} Kh4
{[%clk 0:04:53]} 68. Kd1 {[%clk 0:00:30]} Kg5 {[%clk 0:04:55]} 69. Ke1
{[%clk 0:00:33]} Kf6 {[%clk 0:05:03]} 70. Kd1 {[%clk 0:00:28]} Ke5
{[%clk 0:05:12]} 71. Ke1 {[%clk 0:00:27]} Kd4 {[%clk 0:05:20]} 72. Bh5
{[%clk 0:00:27]} Kc3 {[%clk 0:05:24]} 73. Bf7 {[%clk 0:00:26]} Bd3
{[%clk 0:05:32]} 74. Be6 {[%clk 0:00:19]} Bc2 {[%clk 0:05:37]} 75. Bg4
{[%clk 0:00:23]} Bxb3 {[%clk 0:05:42]} 76. Bh5 {[%clk 0:00:31]} Bc4
{[%clk 0:05:50]} 77. Bg4 {[%clk 0:00:35]} Kd4 {[%clk 0:05:59]} 78. Bh5
{[%clk 0:00:37]} Be6 {[%clk 0:05:23]} 79. Ke2 {[%clk 0:00:32]} Bf5
{[%clk 0:05:31]} 80. Ke1 {[%clk 0:00:27]} Kd3 {[%clk 0:05:33]} 81. Kd1
{[%clk 0:00:16]} e2+ {[%clk 0:04:14]} 82. Ke1 {[%clk 0:00:25]} Ke3
{[%clk 0:04:21]} 83. Bg6 {[%clk 0:00:29]} Bd3 {[%clk 0:04:17]} 84. Bf5
{[%clk 0:00:29]} Bb5 {[%clk 0:04:20]} 85. Be4 {[%clk 0:00:37]} Bd7
{[%clk 0:04:12]} 86. Bf5 {[%clk 0:00:44]} Bb5 {[%clk 0:03:59]} 87. Be4
{[%clk 0:00:51]} Bd3 {[%clk 0:04:04]} 88. Bf5 {[%clk 0:00:54]} Kd4
{[%clk 0:04:00]} 89. Be6 {[%clk 0:00:42]} Ke5 {[%clk 0:03:42]} 90. Bg4
{[%clk 0:00:35]} Kd4 {[%clk 0:03:49]} 91. Kd2 {[%clk 0:00:33]} Ba6
{[%clk 0:03:57]} 92. Bf5 {[%clk 0:00:26]} Ke5 {[%clk 0:04:06]} 93. Be4
{[%clk 0:00:31]} Kf6 {[%clk 0:04:11]} 94. Ke1 {[%clk 0:00:30]} Kg5
{[%clk 0:04:19]} 95. Bd5 {[%clk 0:00:25]} Kh4 {[%clk 0:04:27]} 96. Kf2
{[%clk 0:00:29]} Kh3 {[%clk 0:04:36]} 97. Be6+ {[%clk 0:00:34]} Kh2
{[%clk 0:04:44]} 98. Bd5 {[%clk 0:00:40]} Bd3 {[%clk 0:04:45]} 99. Be6
{[%clk 0:00:41]} Bb5 {[%clk 0:04:53]} 100. Bf5 {[%clk 0:00:49]} Bc4
{[%clk 0:04:46]} 101. Bg4 {[%clk 0:00:54]} e1=Q+ {[%clk 0:04:22]} 102. Kxe1
{[%clk 0:01:02]} Kg3 {[%clk 0:04:25]} 103. Bh5 {[%clk 0:00:58]} Be6
{[%clk 0:04:33]} 104. Kf1 {[%clk 0:00:52]} Bh3+ {[%clk 0:04:38]} 105. Kg1
{[%clk 0:00:35]} Bg2 {[%clk 0:04:46]} 106. Bf7 {[%clk 0:00:32]} Bxf3
{[%clk 0:04:52]} 107. Bc4 {[%clk 0:00:36]} Bg4 {[%clk 0:04:47]} 108. Bb5
{[%clk 0:00:25]} f3 {[%clk 0:04:53]} 109. Bc4 {[%clk 0:00:23]} Bh3
{[%clk 0:04:50]} 110. Bf1 {[%clk 0:00:20]} f2+ {[%clk 0:04:58]} 111. Kh1
{[%clk 0:00:29]} Bc8 {[%clk 0:05:06]} 112. Bg2 {[%clk 0:00:32]} Bb7
{[%clk 0:05:14]} 0-1

[Event "Team Championship Russia (Rapid, Men)"]
[Site "Sochi"]
[Date "2018.10.08"]
[Round "5.1"]
[White "Dubov, Daniil"]
[Black "Artemiev, Vladislav"]
[Result "0-1"]
[BlackElo "2764"]
[WhiteElo "2697"]
[LiveChessVersion "1.4.8"]

1. e4 {[%clk 0:15:18]} c5 {[%clk 0:15:18]} 2. Nc3 {[%clk 0:15:22]} a6
{[%clk 0:15:18]} 3. Nf3 {[%clk 0:15:27]} d6 {[%clk 0:15:27]} 4. d4
{[%clk 0:15:29]} cxd4 {[%clk 0:15:34]} 5. Nxd4 {[%clk 0:15:37]} Nf6
{[%clk 0:15:42]} 6. Be3 {[%clk 0:14:55]} Ng4 {[%clk 0:15:45]} 7. Bg5
{[%clk 0:15:02]} h6 {[%clk 0:15:53]} 8. Bc1 {[%clk 0:15:10]} Nc6 {[%clk 0:15:53]}
9. Nxc6 {[%clk 0:14:29]} bxc6 {[%clk 0:16:00]} 10. Be2 {[%clk 0:13:40]} Nf6
{[%clk 0:16:07]} 11. O-O {[%clk 0:13:48]} e5 {[%clk 0:14:46]} 12. Bc4
{[%clk 0:13:40]} Be7 {[%clk 0:14:45]} 13. Qd3 {[%clk 0:13:00]} O-O
{[%clk 0:14:38]} 14. b3 {[%clk 0:12:31]} Qc7 {[%clk 0:12:21]} 15. Qg3
{[%clk 0:12:03]} Nh5 {[%clk 0:12:17]} 16. Qf3 {[%clk 0:12:01]} Nf6
{[%clk 0:12:25]} 17. Be3 {[%clk 0:10:45]} Be6 {[%clk 0:11:19]} 18. Bxe6
{[%clk 0:10:45]} fxe6 {[%clk 0:11:28]} 19. Qh3 {[%clk 0:10:54]} Qd7
{[%clk 0:10:28]} 20. Na4 {[%clk 0:10:54]} Bd8 {[%clk 0:10:37]} 21. f3
{[%clk 0:10:58]} Bc7 {[%clk 0:09:57]} 22. Rad1 {[%clk 0:10:55]} Qf7 23. Rde1
{[%clk 0:09:53]} Nh5 {[%clk 0:08:30]} 24. g3 {[%clk 0:09:58]} Kh7
{[%clk 0:08:13]} 25. Nb2 {[%clk 0:09:08]} Qg6 {[%clk 0:07:31]} 26. Qg2
{[%clk 0:08:24]} Nf6 {[%clk 0:06:00]} 27. Nd3 {[%clk 0:07:46]} Rab8
{[%clk 0:05:21]} 28. Rd1 {[%clk 0:07:24]} Ba5 {[%clk 0:04:56]} 29. Kh1
{[%clk 0:06:37]} Bc3 {[%clk 0:04:50]} 30. Bd2 {[%clk 0:05:35]} Bd4
{[%clk 0:03:46]} 31. c3 {[%clk 0:05:15]} Bb6 {[%clk 0:03:53]} 32. Bc1
{[%clk 0:03:09]} a5 {[%clk 0:03:53]} 33. Ba3 {[%clk 0:02:42]} c5 {[%clk 0:04:02]}
34. c4 {[%clk 0:02:38]} Bc7 {[%clk 0:04:04]} 35. Rde1 {[%clk 0:02:00]} Nh5
{[%clk 0:03:24]} 36. Re2 {[%clk 0:00:53]} Rf7 {[%clk 0:03:15]} 37. f4
{[%clk 0:00:30]} exf4 {[%clk 0:03:24]} 38. gxf4 {[%clk 0:00:26]} Qxg2+
{[%clk 0:03:32]} 39. Kxg2 {[%clk 0:00:34]} a4 {[%clk 0:03:42]} 40. bxa4
{[%clk 0:00:17]} Ra8 {[%clk 0:03:51]} 41. e5 {[%clk 0:00:25]} Rxa4
{[%clk 0:03:05]} 42. exd6 {[%clk 0:00:34]} Rxa3 {[%clk 0:03:08]} 43. dxc7
{[%clk 0:00:42]} Rxc7 {[%clk 0:03:17]} 44. Ne5 {[%clk 0:00:39]} Rca7
{[%clk 0:03:26]} 45. Rff2 {[%clk 0:00:43]} g5 {[%clk 0:03:35]} 46. fxg5
{[%clk 0:00:45]} hxg5 {[%clk 0:03:44]} 47. Rd2 {[%clk 0:00:33]} Nf4+
{[%clk 0:03:52]} 48. Kf1 {[%clk 0:00:41]} Rc3 {[%clk 0:03:29]} 49. Rc2
{[%clk 0:00:40]} Rxa2 {[%clk 0:03:36]} 0-1

[Event "Team Championship Russia (Rapid, Men)"]
[Site "Sochi"]
[Date "2018.10.08"]
[Round "5.4"]
[White "Sharafiev, Azat"]
[Black "Indjic, Aleksandar"]
[Result "0-1"]
[BlackElo "2566"]
[WhiteElo "2402"]
[LiveChessVersion "1.4.8"]

1. Nf3 {[%clk 0:15:18]} c5 {[%clk 0:15:17]} 2. c4 {[%clk 0:15:13]} Nf6
{[%clk 0:15:23]} 3. Nc3 {[%clk 0:15:15]} Nc6 {[%clk 0:15:29]} 4. d4 cxd4
{[%clk 0:15:30]} 5. Nxd4 {[%clk 0:14:48]} e6 {[%clk 0:15:34]} 6. a3
{[%clk 0:14:16]} Bc5 {[%clk 0:14:59]} 7. Nb3 {[%clk 0:14:22]} Be7
{[%clk 0:15:06]} 8. e4 {[%clk 0:14:29]} b6 {[%clk 0:15:09]} 9. Be2
{[%clk 0:14:29]} Bb7 {[%clk 0:15:17]} 10. O-O {[%clk 0:14:16]} O-O
{[%clk 0:15:23]} 11. Be3 {[%clk 0:14:06]} d6 {[%clk 0:15:22]} 12. Rc1
{[%clk 0:13:47]} Rc8 {[%clk 0:15:30]} 13. f3 {[%clk 0:12:52]} Ne5
{[%clk 0:15:35]} 14. Qd4 {[%clk 0:12:23]} Qc7 {[%clk 0:13:40]} 15. Rfd1
{[%clk 0:10:57]} Qb8 {[%clk 0:13:47]} 16. Kh1 {[%clk 0:10:00]} Rfd8
{[%clk 0:13:54]} 17. Bf1 {[%clk 0:08:16]} Ng6 {[%clk 0:13:23]} 18. Bf2
{[%clk 0:07:32]} h5 {[%clk 0:13:30]} 19. Qe3 {[%clk 0:07:19]} h4 {[%clk 0:13:37]}
20. Nd4 {[%clk 0:07:19]} Nh5 {[%clk 0:12:58]} 21. Rc2 {[%clk 0:06:12]} Rc5
{[%clk 0:12:42]} 22. Qe1 {[%clk 0:05:59]} Re8 {[%clk 0:10:20]} 23. Ndb5
{[%clk 0:05:36]} a6 {[%clk 0:10:16]} 24. Nd4 {[%clk 0:05:37]} Re5
{[%clk 0:10:20]} 25. Nde2 {[%clk 0:05:16]} Bg5 {[%clk 0:09:00]} 26. Bd4
{[%clk 0:03:49]} Rc8 {[%clk 0:06:42]} 27. b3 {[%clk 0:03:22]} Ra5
{[%clk 0:06:22]} 28. a4 {[%clk 0:03:18]} Rac5 {[%clk 0:06:30]} 29. Nc1
{[%clk 0:02:52]} Bf6 {[%clk 0:06:32]} 30. Bf2 {[%clk 0:02:13]} Rg5
{[%clk 0:05:59]} 31. Bxb6 {[%clk 0:01:23]} d5 {[%clk 0:06:04]} 32. Be3
{[%clk 0:00:41]} Re5 {[%clk 0:04:28]} 33. Nd3 {[%clk 0:00:32]} dxe4
{[%clk 0:04:35]} 34. Nxe5 {[%clk 0:00:38]} Bxe5 {[%clk 0:04:44]} 35. Nxe4
{[%clk 0:00:33]} Bxe4 {[%clk 0:04:48]} 36. fxe4 {[%clk 0:00:37]} Bxh2
{[%clk 0:04:57]} 37. g4 {[%clk 0:00:22]} hxg3 {[%clk 0:04:43]} 38. Bg2
{[%clk 0:00:20]} Qxb3 {[%clk 0:04:27]} 39. Rc3 {[%clk 0:00:21]} Qxa4
{[%clk 0:04:35]} 40. c5 {[%clk 0:00:14]} Nf6 {[%clk 0:04:41]} 41. c6
{[%clk 0:00:17]} Nh4 {[%clk 0:04:12]} 42. Rd4 {[%clk 0:00:18]} Qa5
{[%clk 0:02:39]} 43. Rc1 Qh5 44. c7 {[%clk 0:00:17]} Nf3 {[%clk 0:02:48]} 45. Qf1
{[%clk 0:00:21]} Bg1+ {[%clk 0:02:55]} 46. Bh3 {[%clk 0:00:30]} Bxe3
{[%clk 0:01:38]} 47. Rd8+ {[%clk 0:00:36]} Kh7 {[%clk 0:01:48]} 48. Rxc8
{[%clk 0:00:38]} Ng4 {[%clk 0:01:49]} 49. Kg2 Ng5 50. Qh1 {[%clk 0:00:19]} Nh2
{[%clk 0:02:02]} 51. Rh8+ {[%clk 0:00:18]} Kxh8 {[%clk 0:02:10]} 52. c8=Q+
{[%clk 0:00:27]} Kh7 {[%clk 0:02:19]} 53. Bf5+ {[%clk 0:00:32]} g6
{[%clk 0:02:28]} 54. Qd1 {[%clk 0:00:36]} Nhf3 {[%clk 0:02:31]} 55. Bxg6+
{[%clk 0:00:24]} Kxg6 {[%clk 0:02:28]} 56. Qg8+ {[%clk 0:00:32]} Kf6
{[%clk 0:02:36]} 57. Qdd8+ {[%clk 0:00:37]} Ke5 {[%clk 0:02:41]} 58. Qh8+
{[%clk 0:00:36]} Qxh8 {[%clk 0:02:43]} 59. Qxh8+ {[%clk 0:00:44]} Kf4
{[%clk 0:02:53]} 60. Rf1 {[%clk 0:00:40]} Bf2 {[%clk 0:03:00]} 61. Qh5
{[%clk 0:00:35]} Kxe4 {[%clk 0:02:37]} 62. Qg4+ {[%clk 0:00:31]} Ke5
{[%clk 0:02:46]} 63. Ra1 {[%clk 0:00:37]} Kf6 {[%clk 0:02:44]} 64. Qf4+
{[%clk 0:00:31]} Kg6 {[%clk 0:02:52]} 65. Qe4+ Nxe4 {[%clk 0:03:00]} 0-1

[Event "Team Championship Russia (Rapid, Men)"]
[Site "Sochi"]
[Date "2018.10.08"]
[Round "5.5"]
[White "Alekseenko, Kirill"]
[Black "Malakhov, Vladimir"]
[Result "1-0"]
[BlackElo "2648"]
[WhiteElo "2668"]
[LiveChessVersion "1.4.8"]

1. d4 {[%clk 0:15:17]} d5 {[%clk 0:15:18]} 2. Nc3 {[%clk 0:15:25]} Nf6
{[%clk 0:15:13]} 3. Bf4 {[%clk 0:15:33]} a6 {[%clk 0:14:55]} 4. e3
{[%clk 0:15:40]} e6 {[%clk 0:14:59]} 5. g4 {[%clk 0:15:48]} Bd6 {[%clk 0:14:39]}
6. Qf3 {[%clk 0:14:24]} Bxf4 {[%clk 0:14:29]} 7. Qxf4 {[%clk 0:14:30]} Qd6
{[%clk 0:14:35]} 8. Qxd6 {[%clk 0:13:42]} cxd6 {[%clk 0:14:44]} 9. g5
{[%clk 0:13:47]} Nfd7 {[%clk 0:14:22]} 10. Bg2 {[%clk 0:13:47]} h6
{[%clk 0:14:02]} 11. h4 {[%clk 0:13:56]} hxg5 {[%clk 0:14:11]} 12. hxg5
{[%clk 0:14:04]} Rxh1 {[%clk 0:14:20]} 13. Bxh1 {[%clk 0:14:13]} Nc6
{[%clk 0:14:24]} 14. O-O-O {[%clk 0:13:51]} b5 {[%clk 0:14:21]} 15. e4
{[%clk 0:13:25]} dxe4 {[%clk 0:13:50]} 16. d5 {[%clk 0:13:24]} exd5
{[%clk 0:12:31]} 17. Rxd5 {[%clk 0:11:25]} Nc5 {[%clk 0:12:16]} 18. Rxd6
{[%clk 0:11:05]} Bd7 {[%clk 0:12:25]} 19. Nxe4 {[%clk 0:10:46]} Ke7
{[%clk 0:11:55]} 20. Rd1 {[%clk 0:10:37]} Nxe4 {[%clk 0:10:48]} 21. Bxe4
{[%clk 0:10:43]} Rh8 {[%clk 0:10:55]} 22. Nf3 {[%clk 0:10:40]} f6
{[%clk 0:11:02]} 23. gxf6+ {[%clk 0:10:36]} gxf6 {[%clk 0:11:10]} 24. c3
{[%clk 0:09:59]} Ne5 {[%clk 0:09:45]} 25. Nxe5 {[%clk 0:07:43]} fxe5
{[%clk 0:09:54]} 26. Rh1 {[%clk 0:07:51]} Rxh1+ {[%clk 0:08:41]} 27. Bxh1
{[%clk 0:07:59]} a5 {[%clk 0:08:50]} 28. b4 {[%clk 0:06:32]} axb4
{[%clk 0:08:58]} 29. cxb4 {[%clk 0:06:41]} Kd6 {[%clk 0:08:55]} 30. Kd2
{[%clk 0:05:49]} Be8 {[%clk 0:06:28]} 31. a3 {[%clk 0:05:52]} Bd7
{[%clk 0:06:37]} 32. Be4 {[%clk 0:05:54]} Be8 {[%clk 0:06:36]} 33. Ke3
{[%clk 0:05:55]} Bd7 {[%clk 0:06:41]} 34. Bc2 {[%clk 0:05:52]} Bc6
{[%clk 0:06:37]} 35. Be4 {[%clk 0:03:56]} Bd7 {[%clk 0:06:45]} 36. Kf3
{[%clk 0:03:58]} Ke7 {[%clk 0:05:02]} 37. Kg3 {[%clk 0:03:57]} Kf6
{[%clk 0:04:58]} 38. Kh4 {[%clk 0:04:05]} Be8 {[%clk 0:03:57]} 39. Kg4
{[%clk 0:04:13]} Bd7+ {[%clk 0:04:06]} 40. Kh5 {[%clk 0:04:00]} Be8+
{[%clk 0:02:57]} 41. Kh6 {[%clk 0:04:09]} Bf7 {[%clk 0:03:06]} 42. Bc2
{[%clk 0:02:08]} Bd5 {[%clk 0:01:54]} 43. Kh5 {[%clk 0:01:51]} e4
{[%clk 0:01:35]} 44. Kg4 {[%clk 0:00:54]} Ke5 {[%clk 0:01:44]} 45. Kg5
{[%clk 0:00:59]} Bc4 {[%clk 0:01:26]} 46. Bd1 {[%clk 0:01:06]} Bd3
{[%clk 0:00:18]} 47. Bh5 {[%clk 0:00:55]} Bb1 {[%clk 0:00:16]} 48. Bg6
{[%clk 0:00:54]} Bd3 {[%clk 0:00:23]} 49. f3 {[%clk 0:00:45]} Kd4
{[%clk 0:00:16]} 50. Bxe4 {[%clk 0:00:43]} Bxe4 {[%clk 0:00:24]} 51. fxe4
{[%clk 0:00:52]} Kxe4 {[%clk 0:00:33]} 52. Kf6 {[%clk 0:00:56]} Kd5
{[%clk 0:00:41]} 53. Ke7 {[%clk 0:00:59]} 1-0

[Event "Team Championship Russia (Rapid, Men)"]
[Site "Sochi"]
[Date "2018.10.08"]
[Round "5.6"]
[White "Grachev, Boris"]
[Black "Alekseev, Evgeny"]
[Result "1/2-1/2"]
[BlackElo "2655"]
[WhiteElo "2667"]
[LiveChessVersion "1.4.8"]

1. Nf3 {[%clk 0:15:11]} c5 {[%clk 0:14:47]} 2. e3 {[%clk 0:15:02]} Nf6
{[%clk 0:14:13]} 3. b3 {[%clk 0:14:10]} g6 {[%clk 0:12:32]} 4. Bb2
{[%clk 0:14:09]} Bg7 {[%clk 0:12:41]} 5. c4 {[%clk 0:14:03]} O-O {[%clk 0:12:46]}
6. Be2 {[%clk 0:14:10]} b6 {[%clk 0:12:33]} 7. O-O {[%clk 0:14:09]} Bb7
{[%clk 0:12:39]} 8. Qc2 {[%clk 0:13:43]} Nc6 {[%clk 0:12:27]} 9. a3
{[%clk 0:13:25]} d5 {[%clk 0:10:54]} 10. cxd5 {[%clk 0:13:30]} Qxd5
{[%clk 0:11:02]} 11. Nc3 {[%clk 0:13:16]} Qd6 {[%clk 0:10:12]} 12. Rac1
{[%clk 0:12:39]} Rac8 {[%clk 0:10:07]} 13. Qb1 {[%clk 0:12:02]} Qb8
{[%clk 0:09:29]} 14. Rfd1 {[%clk 0:11:39]} Rfd8 {[%clk 0:09:38]} 15. h3
{[%clk 0:11:44]} Ne5 {[%clk 0:09:07]} 16. Nxe5 {[%clk 0:10:23]} Qxe5
{[%clk 0:09:13]} 17. Bf1 {[%clk 0:10:10]} Ne4 {[%clk 0:08:01]} 18. d3
{[%clk 0:08:54]} Ng5 {[%clk 0:06:07]} 19. Be2 {[%clk 0:07:08]} h5
{[%clk 0:05:07]} 20. Ba1 {[%clk 0:05:59]} Qf5 {[%clk 0:04:35]} 21. e4
{[%clk 0:05:16]} Qf4 {[%clk 0:04:29]} 22. Nb5 {[%clk 0:04:44]} a6
{[%clk 0:03:54]} 23. Bxg7 {[%clk 0:04:45]} Kxg7 {[%clk 0:04:01]} 24. Nc3
{[%clk 0:04:48]} Ne6 {[%clk 0:02:47]} 25. Bf1 {[%clk 0:04:44]} Qe5
{[%clk 0:02:43]} 26. Ne2 {[%clk 0:04:32]} a5 {[%clk 0:01:48]} 27. b4
{[%clk 0:03:20]} axb4 {[%clk 0:01:54]} 28. axb4 {[%clk 0:03:27]} Ba6
{[%clk 0:01:42]} 29. bxc5 {[%clk 0:02:34]} bxc5 {[%clk 0:01:51]} 30. Nc3
{[%clk 0:02:14]} Rb8 {[%clk 0:01:28]} 31. Qa1 {[%clk 0:02:21]} Bb7
{[%clk 0:01:26]} 32. Na4 {[%clk 0:01:50]} Qxa1 {[%clk 0:01:27]} 33. Rxa1
{[%clk 0:01:59]} Bc6 {[%clk 0:01:28]} 34. Rdc1 {[%clk 0:01:49]} Bxa4
{[%clk 0:00:52]} 35. Rxa4 {[%clk 0:01:56]} h4 {[%clk 0:00:51]} 36. Ra2
{[%clk 0:01:35]} Rb4 {[%clk 0:00:51]} 37. Be2 {[%clk 0:01:24]} Nf4
{[%clk 0:00:47]} 38. Rxc5 {[%clk 0:01:12]} Rb1+ {[%clk 0:00:41]} 39. Kh2
{[%clk 0:01:21]} Nxe2 {[%clk 0:00:48]} 40. Rxe2 {[%clk 0:01:28]} Rxd3
{[%clk 0:00:58]} 41. Rd5 {[%clk 0:00:41]} Rc3 {[%clk 0:01:06]} 42. g3
{[%clk 0:00:47]} hxg3+ {[%clk 0:01:08]} 43. fxg3 {[%clk 0:00:56]} Rbb3
{[%clk 0:01:17]} 44. Rg2 {[%clk 0:00:42]} Re3 {[%clk 0:01:10]} 45. Rd4
{[%clk 0:00:42]} Rb5 {[%clk 0:00:53]} 46. Rf2 {[%clk 0:00:18]} Rbb3
{[%clk 0:00:31]} 47. Rg2 {[%clk 0:00:27]} Rb6 {[%clk 0:00:19]} 48. Rf2
{[%clk 0:00:25]} Re6 {[%clk 0:00:27]} 49. Rf4 {[%clk 0:00:25]} g5
{[%clk 0:00:21]} 50. Rg4 {[%clk 0:00:14]} Re2+ {[%clk 0:00:30]} 51. Kg1
{[%clk 0:00:23]} f6 {[%clk 0:00:38]} 52. Kf1 {[%clk 0:00:25]} Rc2
{[%clk 0:00:41]} 53. Ke1 {[%clk 0:00:31]} Ra6 {[%clk 0:00:37]} 54. Rd2
{[%clk 0:00:40]} Rxd2 {[%clk 0:00:32]} 55. Kxd2 {[%clk 0:00:48]} Ra5
{[%clk 0:00:22]} 56. Ke3 {[%clk 0:00:40]} Kg6 {[%clk 0:00:29]} 57. Kf2
{[%clk 0:00:43]} Ra2+ {[%clk 0:00:34]} 58. Kg1 {[%clk 0:00:39]} Re2
{[%clk 0:00:37]} 59. Kh1 {[%clk 0:00:26]} Kf7 {[%clk 0:00:42]} 60. Kg1
{[%clk 0:00:33]} Kg6 {[%clk 0:00:28]} 61. Kh1 {[%clk 0:00:42]} Kf7
{[%clk 0:00:24]} 62. Kg1 {[%clk 0:00:51]} 1/2-1/2